| 000 | 01548nmc a2200457 a 4500 | ||
|---|---|---|---|
| 003 | AR-BaBNM | ||
| 005 | 20251128204927.0 | ||
| 008 | 306019s1990 ||||||||||||||000 | spa|| | ||
| 020 | _a84-277-0892-0 | ||
| 040 | _cAR-BaBNM | ||
| 110 | 2 | _aUNESCO | |
| 245 | 1 | 0 |
_aSobre el futuro de la educación _bhacia el año 2000 |
| 260 |
_aMadrid _bNarcea _c1990 |
||
| 300 | 0 |
_a342 p. _btablas |
|
| 490 | 0 | _aEducación hoy. Estudios | |
| 500 | 1 | _aUNESCO: ORGANIZACION DE LAS NACIONES UNIDAS PARA LA EDUCACION, LA CIENCIA Y LA CULTURA | |
| 500 | 0 | _aIndice de nombres: p. 335-336 | |
| 500 | 0 | _aIndice temático: p. 337-342 | |
| 500 | 0 | _aAnexos | |
| 500 | 0 | _aAnexo 1: Tendencias y previsiones de los efectivos escolares por tramos de enseñanza y por edades Totales para el mundo y por regiones 1960-2000-evaluación de 1982: p. 295-326 | |
| 500 | 0 | _aAnexo 2: Indice de autores: p. 327-329 | |
| 504 | _aBibliografía: p. 331-334 | ||
| 650 | 4 | _aDESARROLLO DE LA EDUCACION | |
| 650 | 4 | _aEDUCACION Y DESARROLLO | |
| 650 | 4 | _aDEMOCRATIZACION DE LA EDUCACION | |
| 650 | 4 | _aPOLITICA CULTURAL | |
| 650 | 4 | _aTENDENCIAS EDUCACIONALES | |
| 650 | 4 | _aENSENANZA DE LA CIENCIA | |
| 650 | 4 | _aTECNOLOGIA | |
| 650 | 4 | _aMEDIOS DE COMUNICACION | |
| 650 | 4 | _aENSENANZA UNIVERSITARIA | |
| 650 | 4 | _aIGUALDAD DE EDUCACION | |
| 650 | 4 | _aRECURSOS EDUCACIONALES | |
| 650 | 4 | _aRECURSOS FINANCIEROS | |
| 650 | 4 | _aRECURSOS HUMANOS | |
| 651 | 4 | _aAmérica Latina | |
| 651 | 4 | _aAfrica | |
| 653 | 0 | _aEDUCACION PUBLICA | |
| 942 | _cBK | ||
| 998 | _csilvi | ||
| 999 |
_c9361 _d9361 |
||